10 Most Populated U.S. States in 1970 - Statistics

General Stats
  • This quiz has been taken 174 times
  • The average score is 9 of 10
Answer Stats
Population U.S. State % Correct
18,241,266 New York
100%
19,953,134 California
99%
11,196,730 Texas
98%
6,789,443 Florida
95%
11,793,909 Pennsylvania
93%
11,113,976 Illinois
90%
8,875,083 Michigan
88%
10,652,017 Ohio
88%
5,689,170 Massachusetts
84%
7,168,164 New Jersey
78%
No matching quizzes found
Score Distribution
Percent of People with Each Score
Percentile by Number Answered
Your Score History
You have not taken this quiz